LEADER 01007nam a2200253 4500 001 000000360923 003 CaOOAMICUS 005 20241128150047.0 008 241128s2019 it 000 u ita r 020 $a978-88-15-28484-6 040 $aSeMil$bita 100 1 $aClementi, Francesco.$0(OLS)http://semarc/name/12034 245 10$aCittŕ del Vaticano /$cFrancesco Clementi. 264 1$aBologna :$bIl Mulino,$c2019. 300 $a157 p. ;$c21 cm 490 1 $aUniversale paperbacks Il Mulino ;$v758 650 4$aCittŕ del Vaticano.$0(OLS)http://semarc/subject/34711 830 0$aUniversale paperbacks Il Mulino ;$v758.$0(OLS)http://semarc/title/5937 850 $aSeMil 852 $aSeMil$W1$xVenegono$y1$m3A I 245$j252680$B251914$CSeMilBibl$Z2$F251914 $81 996 $6020$a978-88-15-28484-6$9(OLS)http://semarc/number/301921 996 $6245$aCittŕ del Vaticano$9(OLS)http://semarc/title/152626 996 $6264$aBologna :$bIl Mulino$9(OLS)http://semarc/publisher/29842 LEADER 01565nam a2200265 i 4500 001 000000014395 003 CaOOAMICUS 005 20180830125442.0 008 180830s1945 it u000 u ita u 040 $aSeMil$bita 100 1 $aGarrigou-Lagrange, Réginald,$c.$0(OLS)http://semarc/name/5500 245 10$aDe revelatione per ecclesiam catholicam proposita /$cauctore P. Fr. Rég. Garrigou-Lagrange. 250 $a4. editio emendata operis integri. 260 $aRomae :$bLibreria editrice religiosa F. Ferrari,$c1945. 300 $a2 v. ;$c25 cm. 500 $aSul retro di copertina : firma del sac. Costantino Oggioni. 650 4$aTeologia fondamentale - Manuali.$0(OLS)http://semarc/subject/673 650 4$aFede - Atto.$0(OLS)http://semarc/subject/2376 650 4$aFede - Manuali.$0(OLS)http://semarc/subject/2377 650 4$aRivelazione - Manuali.$0(OLS)http://semarc/subject/2378 773 0 $tTheologia fundamentalis secundum s. Thomae doctrinam. Pars apologetica.$dRomae : Libreria editrice religiosa F. Ferrari, [19--]$w()16011 774 0 $aGarrigou-Lagrange, Réginald $tVolumen 1.$kTheologia fundamentalis secundum s. Thomae doctrinam. Pars apologetica$w()44376 774 0 $aGarrigou-Lagrange, Réginald $tVolumen 2.$kTheologia fundamentalis secundum s. Thomae doctrinam. Pars apologetica$w()182088 996 $6245$aDe revelatione per ecclesiam catholicam proposita$9(OLS)http://semarc/title/19098 996 $6260$aRomae :$bLibreria editrice religiosa F. Ferrari$9(OLS)http://semarc/publisher/33891